Statistics for Land i Nord-Amerika Quiz

Click here to take the quiz!

General Stats

  • This quiz has been taken 2 227 times
    (1 154 since last reset)
  • The average score is 14 of 23

Answers on the Map

Answers color-coded by a green-red scale on the quiz's map according to % correct below.
 

Answer Stats

Land% Correct
Canada
98%
USA
97%
Mexico
94%
Cuba
84%
Jamaica
71%
Panama
70%
Haiti
66%
Bahamas
63%
Honduras
63%
Costa Rica
61%
El Salvador
58%
Belize
55%
Guatemala
53%
Nicaragua
53%
Dominica
52%
Dominikanske Republikk
50%
Barbados
48%
Saint Lucia
47%
Trinidad og Tobago
40%
Saint Kitts og Nevis
39%
Grenada
38%
Saint Vincent og Grenadinene
38%
Antigua og Barbuda
37%

Score Distribution

Percentile by Number Answered

Percent of People with Each Score

Your Score History

You have not taken this quiz since the last reset